| 000 | 00713nam a2200253Ia 4500 | ||
|---|---|---|---|
| 003 | OSt | ||
| 005 | 20221005095952.0 | ||
| 006 | a|||||r|||| 00| 0 | ||
| 007 | ta | ||
| 008 | 221004b |||||||| |||| 00| 0 eng d | ||
| 020 | _a0691066035 | ||
| 024 | _a42182 | ||
| 037 | _cTextual | ||
| 040 |
_aCRL _cCRL _beng |
||
| 041 |
_2eng _aeng |
||
| 082 | _aO121,1G65,1:g(W), 111M4 | ||
| 100 |
_aFerrante Joan M _9131510 |
||
| 245 | 0 | _aPolitical vision of the divine comedy | |
| 260 |
_aPrinceton _bPrinceton University Press _c1984 |
||
| 300 |
_a392p _ccm. |
||
| 650 | _aENGLISH LITERATURE | ||
| 942 |
_hO121,1G65,1:g(W), 111M4 _cTEXL _2cc |
||
| 999 |
_c1004405 _d1004405 |
||